Catálogo público

Uso del nitrógeno en pastos tropicales: v aspectos que se han de considerar en la utilización del fertilizante nitrogenado / (Record no. 163082)

MARC details
000 -CABECERA
campo de control de longitud fija 00802nam a2200265Ia 4500
001 - NÚMERO DE CONTROL
campo de control Z_114
003 - IDENTIFICADOR DEL NÚMERO DE CONTROL
campo de control CHAP
008 - DATOS DE LONGITUD FIJA--INFORMACIÓN GENERAL
campo de control de longitud fija 220113s9999 xx 000 0 und d
010 ## - NÚMERO DE CONTROL DE LA BIBLIOTECA DEL CONGRESO
Número de control de LC 163082
040 ## - FUENTE DE LA CATALOGACIÓN
Centro/agencia transcriptor CHAP
090 ## - LOCALMENTE ASIGNADO TIPO-LC NÚMERO DE CLASIFICACIÓN (OCLC); NÚMERO DE CLASIFICACIÓN LOCAL (RLIN)
Número de clasificación (OCLC) (R) ; Numero de clasificación, CALL (RLIN) (NR) R-6
100 ## - ENTRADA PRINCIPAL--NOMBRE DE PERSONA
Nombre de persona Paretao, J J
9 (RLIN) 85545
245 ## - MENCIÓN DE TÍTULO
Título Uso del nitrógeno en pastos tropicales: v aspectos que se han de considerar en la utilización del fertilizante nitrogenado /
Mención de responsabilidad, etc. por J. J. Peretao
260 ## - PUBLICACIÓN, DISTRIBUCIÓN, ETC.
Lugar de publicación, distribución, etc.
500 ## - NOTA GENERAL
Nota general Sobretiro de: Cienc. Tec. Agr. Pastos y forrajes. 4 (1): 59-95, 1981
650 ## - PUNTO DE ACCESO ADICIONAL DE MATERIA--TÉRMINO DE MATERIA
Término de materia o nombre geográfico como elemento de entrada Fertilizantes nitrogenados
9 (RLIN) 40596
650 ## - PUNTO DE ACCESO ADICIONAL DE MATERIA--TÉRMINO DE MATERIA
Término de materia o nombre geográfico como elemento de entrada Nitrógeno
Subdivisión general Efecto en pastos
9 (RLIN) 81455
650 ## - PUNTO DE ACCESO ADICIONAL DE MATERIA--TÉRMINO DE MATERIA
Término de materia o nombre geográfico como elemento de entrada Pastos
Subdivisión general Fertilización I. t.
9 (RLIN) 137316
901 ## - ELEMENTOS DE DATOS A LOCAL LDA (RLIN)
a R-6
902 ## - ELEMENTOS DE DATOS B LOCAL, LDB (RLIN)
a M
910 ## - DATOS DE OPCIÓN DEL USUARIO (OCLC)
Datos de opción del usuario
942 ## - ELEMENTOS DE PUNTO DE ACCESO ADICIONAL (KOHA)
Tipo de ítem Koha
942 ## - ELEMENTOS DE PUNTO DE ACCESO ADICIONAL (KOHA)
Tipo de ítem Koha
Holdings
Estado de retiro Estado de pérdida Fuente del sistema de clasificación o colocación Estado dañado Restricciones de uso No para préstamo Código de colección Localización permanente Ubicación/localización actual Fecha de adquisición Total de préstamos Signatura topográfica completa Código de barras Fecha visto por última vez Número de copia Precio válido a partir de Tipo de ítem Koha
    Clasificación Universidad Autónoma de Chapingo   Préstamo interno   Reimpresos Zootecnia Zootecnia 09/11/2005   R-6 z_A0087 18/01/2022 1 18/01/2022 Reimpreso